[Event "Rapid 2018"]
[Site "Saint-Petersburg"]
[Date "2018.12.28"]
[Round "14"]
[Board "66"]
[White "Frolyanov Dmitry (RUS)"]
[Black "Ghaem Maghami Ehsan (IRI)"]
[Result "0-1"]
[LiveChessVersion "1.4.8"]
[BlackElo "2524"]
[WhiteElo "2614"]

1. e4 {[%clk 0:15:19]} c6 {[%clk 0:15:17]} 2. d4 {[%clk 0:15:28]} d5
{[%clk 0:15:25]} 3. exd5 {[%clk 0:15:36]} cxd5 {[%clk 0:15:33]} 4. c4
{[%clk 0:15:45]} Nf6 {[%clk 0:15:36]} 5. Nc3 {[%clk 0:15:54]} e6 {[%clk 0:14:03]}
6. Nf3 {[%clk 0:16:00]} Bb4 {[%clk 0:14:12]} 7. cxd5 {[%clk 0:16:06]} Nxd5
{[%clk 0:14:20]} 8. Bd2 {[%clk 0:16:14]} Nc6 {[%clk 0:14:28]} 9. Bd3
{[%clk 0:16:21]} Nde7 {[%clk 0:14:36]} 10. O-O {[%clk 0:14:40]} h6
{[%clk 0:13:44]} 11. Qe2 {[%clk 0:13:38]} O-O {[%clk 0:13:15]} 12. Qe4
{[%clk 0:12:15]} Ng6 {[%clk 0:13:03]} 13. Rad1 {[%clk 0:12:11]} Re8
{[%clk 0:12:53]} 14. Rfe1 {[%clk 0:11:50]} Bd7 {[%clk 0:12:48]} 15. Bc1
{[%clk 0:08:23]} Ba5 {[%clk 0:08:50]} 16. Bb1 {[%clk 0:08:03]} Nce7
{[%clk 0:08:03]} 17. Ne5 {[%clk 0:07:44]} Bc6 {[%clk 0:08:06]} 18. Nxc6
{[%clk 0:07:42]} bxc6 {[%clk 0:08:11]} 19. h4 {[%clk 0:06:43]} Nd5
{[%clk 0:07:13]} 20. h5 {[%clk 0:06:47]} Nf8 {[%clk 0:07:17]} 21. Rd3
{[%clk 0:04:05]} Rb8 {[%clk 0:06:44]} 22. Rg3 {[%clk 0:03:38]} Bc7
{[%clk 0:05:19]} 23. Rh3 {[%clk 0:03:38]} Rb4 {[%clk 0:04:58]} 24. a3
{[%clk 0:03:14]} Nf6 {[%clk 0:04:50]} 25. Qxc6 {[%clk 0:02:55]} Rxd4
{[%clk 0:04:59]} 26. Be3 {[%clk 0:02:37]} Rd6 {[%clk 0:05:08]} 27. Qc4
{[%clk 0:02:22]} Bb6 {[%clk 0:05:11]} 28. Ne4 {[%clk 0:01:41]} Nxe4
{[%clk 0:03:34]} 29. Qxe4 {[%clk 0:01:49]} Rd1 {[%clk 0:02:46]} 30. Bxb6
{[%clk 0:01:55]} Rxe1+ {[%clk 0:02:52]} 31. Qxe1 {[%clk 0:02:03]} Qxb6
{[%clk 0:02:59]} 32. b4 {[%clk 0:01:57]} Nd7 {[%clk 0:02:39]} 33. Qe3
{[%clk 0:01:03]} Qb8 {[%clk 0:02:05]} 34. Bd3 {[%clk 0:00:49]} Nf6
{[%clk 0:02:10]} 35. Be2 {[%clk 0:00:53]} Nd5 {[%clk 0:01:49]} 36. Qd2
{[%clk 0:00:50]} Qe5 {[%clk 0:01:30]} 37. Rf3 {[%clk 0:00:15]} Rc8
{[%clk 0:01:29]} 38. g3 {[%clk 0:00:23]} Qa1+ {[%clk 0:01:00]} 39. Kg2
{[%clk 0:00:32]} Rc1 {[%clk 0:01:03]} 40. Rd3 {[%clk 0:00:12]} Rg1+
{[%clk 0:01:04]} 41. Kh2 {[%clk 0:00:16]} Rh1+ {[%clk 0:00:57]} 42. Kg2
{[%clk 0:00:25]} Qg1+ {[%clk 0:00:50]} 43. Kf3 {[%clk 0:00:34]} Rh2
{[%clk 0:00:58]} 44. Bd1 {[%clk 0:00:36]} Qg2+ {[%clk 0:00:58]} 0-1

[Event "Rapid 2018"]
[Site "Saint-Petersburg"]
[Date "2018.12.28"]
[Round "14"]
[Board "67"]
[White "Bilguun Sumiya (MGL)"]
[Black "Novikov Stanislav (RUS)"]
[Result "1-0"]
[LiveChessVersion "1.4.8"]
[BlackElo "2605"]
[WhiteElo "2415"]

1. e4 {[%clk 0:15:17]} g6 {[%clk 0:15:19]} 2. d4 {[%clk 0:15:24]} Bg7
{[%clk 0:15:28]} 3. Nc3 {[%clk 0:15:32]} c6 {[%clk 0:15:37]} 4. Nge2
{[%clk 0:15:37]} b5 {[%clk 0:15:32]} 5. a3 {[%clk 0:15:37]} d6 {[%clk 0:15:34]}
6. h3 {[%clk 0:15:45]} Nd7 {[%clk 0:15:34]} 7. g4 {[%clk 0:15:52]} Bb7
{[%clk 0:15:39]} 8. Bg2 {[%clk 0:16:00]} a5 {[%clk 0:14:57]} 9. Ng3
{[%clk 0:16:06]} b4 {[%clk 0:14:59]} 10. Nce2 {[%clk 0:16:15]} c5
{[%clk 0:14:47]} 11. c3 {[%clk 0:16:13]} bxc3 {[%clk 0:14:32]} 12. bxc3
{[%clk 0:16:22]} e5 {[%clk 0:14:37]} 13. d5 {[%clk 0:16:16]} Bh6 {[%clk 0:13:16]}
14. Bxh6 {[%clk 0:15:40]} Nxh6 {[%clk 0:13:25]} 15. Qd2 {[%clk 0:15:17]} Ng8
{[%clk 0:12:45]} 16. h4 {[%clk 0:14:08]} Ba6 {[%clk 0:12:01]} 17. h5
{[%clk 0:14:00]} Rb8 {[%clk 0:11:55]} 18. g5 {[%clk 0:13:29]} c4 {[%clk 0:11:27]}
19. O-O {[%clk 0:12:21]} h6 {[%clk 0:09:37]} 20. f4 Qb6+ {[%clk 0:04:22]} 21. Kh2
{[%clk 0:10:05]} hxg5 {[%clk 0:03:06]} 22. fxg5 {[%clk 0:10:10]} Nc5
{[%clk 0:03:08]} 23. Qe3 {[%clk 0:09:44]} Rh7 {[%clk 0:03:06]} 24. Qf3
{[%clk 0:09:47]} Bc8 {[%clk 0:03:04]} 25. Ng1 {[%clk 0:07:46]} Qd8
{[%clk 0:03:07]} 26. Nh3 {[%clk 0:06:18]} Bxh3 {[%clk 0:02:31]} 27. hxg6
{[%clk 0:05:53]} fxg6 {[%clk 0:02:35]} 28. Qf8+ {[%clk 0:04:21]} Kd7
{[%clk 0:02:44]} 29. Rf7+ {[%clk 0:04:27]} Rxf7 {[%clk 0:02:54]} 30. Qxf7+
{[%clk 0:04:26]} Ne7 {[%clk 0:03:02]} 31. Bxh3+ {[%clk 0:04:34]} Kc7
{[%clk 0:03:12]} 32. Rf1 {[%clk 0:04:02]} Rb2+ {[%clk 0:03:11]} 33. Rf2
{[%clk 0:03:57]} Rxf2+ {[%clk 0:01:33]} 34. Qxf2 {[%clk 0:04:05]} Kb6
{[%clk 0:01:37]} 35. Bf1 {[%clk 0:04:08]} Qh8+ {[%clk 0:01:18]} 36. Kg2
{[%clk 0:04:06]} Qh4 {[%clk 0:01:27]} 37. Bxc4 {[%clk 0:02:35]} Qxg5
{[%clk 0:01:27]} 38. Qf8 {[%clk 0:02:16]} Kc7 {[%clk 0:01:17]} 39. Qa8
{[%clk 0:01:27]} Qd2+ {[%clk 0:01:15]} 40. Ne2 {[%clk 0:01:22]} Nc8
{[%clk 0:01:06]} 41. Qxa5+ {[%clk 0:01:22]} Nb6 {[%clk 0:01:10]} 42. Qa7+
{[%clk 0:01:27]} Nb7 {[%clk 0:01:14]} 43. Ba6 {[%clk 0:01:22]} Qg5+
{[%clk 0:01:21]} 44. Kf1 {[%clk 0:01:18]} Qf6+ {[%clk 0:01:27]} 45. Kg2
{[%clk 0:00:55]} Qg5+ {[%clk 0:01:34]} 46. Kf1 {[%clk 0:00:48]} Qf6+
{[%clk 0:01:41]} 47. Ke1 {[%clk 0:00:57]} Qh4+ {[%clk 0:01:50]} 48. Kd2
{[%clk 0:00:46]} Qg5+ {[%clk 0:01:58]} 49. Kd1 {[%clk 0:00:37]} Qe3
{[%clk 0:02:01]} 50. Qxb7+ {[%clk 0:00:36]} Kd8 {[%clk 0:02:10]} 51. Bb5
{[%clk 0:00:23]} g5 {[%clk 0:02:11]} 52. a4 {[%clk 0:00:30]} Qc5 {[%clk 0:02:10]}
53. a5 {[%clk 0:00:27]} 1-0

[Event "Rapid 2018"]
[Site "Saint-Petersburg"]
[Date "2018.12.28"]
[Round "14"]
[Board "68"]
[White "Miton Kamil (POL)"]
[Black "Nozdrachev Vladislav (RUS)"]
[Result "1/2-1/2"]
[LiveChessVersion "1.4.8"]
[BlackElo "2507"]
[WhiteElo "2590"]

1. d4 {[%clk 0:15:17]} Nf6 {[%clk 0:15:18]} 2. c4 {[%clk 0:15:25]} e6
{[%clk 0:15:26]} 3. g3 {[%clk 0:15:32]} d5 {[%clk 0:15:25]} 4. Bg2
{[%clk 0:15:40]} Be7 {[%clk 0:15:33]} 5. Nf3 {[%clk 0:15:47]} O-O
{[%clk 0:15:40]} 6. O-O {[%clk 0:15:54]} dxc4 {[%clk 0:15:48]} 7. Nc3
{[%clk 0:16:01]} Qd6 {[%clk 0:15:06]} 8. Bf4 {[%clk 0:15:09]} Qa6
{[%clk 0:14:49]} 9. e4 {[%clk 0:14:38]} b5 {[%clk 0:13:32]} 10. a4
{[%clk 0:14:18]} bxa4 {[%clk 0:12:48]} 11. Rxa4 {[%clk 0:14:22]} Qb6
{[%clk 0:12:55]} 12. Qb1 {[%clk 0:11:46]} Nc6 {[%clk 0:12:29]} 13. Nd2
{[%clk 0:10:40]} Nxd4 {[%clk 0:11:42]} 14. Nxc4 {[%clk 0:09:38]} Qc5
{[%clk 0:10:35]} 15. Ne5 {[%clk 0:08:16]} Bb7 {[%clk 0:07:49]} 16. Re1
{[%clk 0:07:25]} Rfd8 {[%clk 0:07:18]} 17. Rc4 {[%clk 0:06:41]} Qb6
{[%clk 0:06:24]} 18. b4 {[%clk 0:06:06]} Rac8 {[%clk 0:04:59]} 19. Be3
{[%clk 0:05:27]} c5 {[%clk 0:04:21]} 20. Na4 {[%clk 0:04:34]} Qc7
{[%clk 0:03:40]} 21. bxc5 {[%clk 0:04:30]} Nc6 {[%clk 0:03:32]} 22. Nxc6
{[%clk 0:04:26]} Bxc6 {[%clk 0:03:37]} 23. Nc3 {[%clk 0:04:25]} Rb8
{[%clk 0:03:39]} 24. Qc2 {[%clk 0:04:11]} Ng4 {[%clk 0:03:46]} 25. Bf4
{[%clk 0:04:06]} Ne5 {[%clk 0:03:07]} 26. Nd5 {[%clk 0:04:09]} exd5
{[%clk 0:02:28]} 27. exd5 {[%clk 0:04:18]} Bxd5 {[%clk 0:01:47]} 28. Bxe5
{[%clk 0:04:07]} Qa5 {[%clk 0:01:55]} 29. Bc3 {[%clk 0:02:58]} Qa6
{[%clk 0:01:37]} 30. Bxd5 {[%clk 0:02:43]} Rxd5 {[%clk 0:01:46]} 31. Bxg7
{[%clk 0:02:27]} Bg5 {[%clk 0:00:50]} 32. Ba1 {[%clk 0:02:01]} Qg6
{[%clk 0:00:35]} 33. Qc3 {[%clk 0:02:00]} f6 {[%clk 0:00:43]} 34. Qf3
{[%clk 0:01:42]} Qd3 {[%clk 0:00:44]} 35. Qxd3 {[%clk 0:01:47]} Rxd3
{[%clk 0:00:53]} 36. h4 {[%clk 0:01:44]} Bd2 {[%clk 0:01:01]} 37. Rd1
{[%clk 0:01:49]} Kf7 {[%clk 0:01:02]} 38. c6 {[%clk 0:01:55]} Rd6
{[%clk 0:01:00]} 39. Bc3 {[%clk 0:01:42]} Bf4 {[%clk 0:00:59]} 40. Ra1
{[%clk 0:01:47]} Bd2 {[%clk 0:00:42]} 41. Rxa7+ {[%clk 0:01:49]} Kg6
{[%clk 0:00:51]} 42. Rd7 {[%clk 0:01:24]} Rxd7 {[%clk 0:00:47]} 43. cxd7
{[%clk 0:01:33]} Bxc3 {[%clk 0:00:56]} 44. Rc8 {[%clk 0:01:37]} Rb1+
{[%clk 0:01:04]} 45. Kg2 {[%clk 0:01:43]} Ba5 {[%clk 0:01:12]} 46. Ra8
{[%clk 0:01:25]} Rd1 {[%clk 0:01:13]} 47. Rxa5 {[%clk 0:01:32]} Rxd7
{[%clk 0:01:21]} 48. g4 {[%clk 0:01:33]} Rd4 {[%clk 0:01:15]} 49. Kg3
{[%clk 0:01:40]} Rb4 {[%clk 0:00:52]} 50. f3 {[%clk 0:01:38]} Rb7
{[%clk 0:00:38]} 51. Ra6 {[%clk 0:01:32]} Kg7 {[%clk 0:00:37]} 52. g5
{[%clk 0:01:21]} fxg5 {[%clk 0:00:38]} 53. hxg5 {[%clk 0:01:29]} Rb4
{[%clk 0:00:35]} 54. f4 {[%clk 0:01:34]} Rc4 {[%clk 0:00:38]} 55. Kg4
{[%clk 0:01:42]} Rc8 {[%clk 0:00:23]} 56. Ra7+ {[%clk 0:01:43]} Kg8
{[%clk 0:00:31]} 57. Re7 {[%clk 0:01:21]} Ra8 {[%clk 0:00:36]} 58. Kf5
{[%clk 0:01:24]} Ra4 {[%clk 0:00:33]} 59. Re4 {[%clk 0:01:31]} Ra6
{[%clk 0:00:40]} 60. Re6 {[%clk 0:01:23]} Ra4 {[%clk 0:00:49]} 61. Re7
{[%clk 0:01:27]} Rb4 {[%clk 0:00:55]} 62. Ke5 {[%clk 0:01:27]} Rb5+
{[%clk 0:00:38]} 63. Kf6 {[%clk 0:01:34]} Rb6+ {[%clk 0:00:47]} 64. Re6
{[%clk 0:01:42]} Rb8 {[%clk 0:00:56]} 65. f5 {[%clk 0:01:37]} Ra8
{[%clk 0:01:00]} 66. Rc6 {[%clk 0:01:20]} Rf8+ {[%clk 0:01:03]} 67. Ke5
{[%clk 0:01:27]} Re8+ {[%clk 0:01:09]} 68. Kf4 {[%clk 0:01:21]} Re1
{[%clk 0:01:12]} 69. Rc8+ {[%clk 0:01:05]} Kf7 {[%clk 0:01:20]} 70. Rc7+
{[%clk 0:01:14]} Kg8 {[%clk 0:01:29]} 71. f6 {[%clk 0:01:10]} Rf1+
{[%clk 0:01:38]} 72. Ke4 {[%clk 0:01:07]} h6 {[%clk 0:01:04]} 73. Rc8+
{[%clk 0:00:39]} Kh7 {[%clk 0:01:10]} 74. Rc7+ {[%clk 0:00:25]} Kg6
{[%clk 0:01:04]} 75. Rg7+ {[%clk 0:00:23]} Kh5 {[%clk 0:01:12]} 76. gxh6
{[%clk 0:00:20]} Kxh6 {[%clk 0:01:13]} 77. Ke5 {[%clk 0:00:29]} Ra1
{[%clk 0:00:51]} 78. Rg8 {[%clk 0:00:19]} Ra5+ {[%clk 0:00:59]} 79. Ke4
{[%clk 0:00:20]} Ra4+ {[%clk 0:01:08]} 80. Kd5 {[%clk 0:00:23]} Ra5+
{[%clk 0:01:17]} 81. Ke6 {[%clk 0:00:20]} Ra6+ {[%clk 0:01:26]} 82. Ke5
{[%clk 0:00:21]} Ra5+ {[%clk 0:01:35]} 83. Ke4 {[%clk 0:00:29]} Ra4+
{[%clk 0:01:45]} 84. Ke3 {[%clk 0:00:20]} Ra3+ {[%clk 0:01:54]} 85. Kd4
{[%clk 0:00:21]} Ra4+ {[%clk 0:02:02]} 86. Kc5 {[%clk 0:00:20]} Ra5+
{[%clk 0:02:09]} 1/2-1/2

[Event "Rapid 2018"]
[Site "Saint-Petersburg"]
[Date "2018.12.28"]
[Round "14"]
[Board "69"]
[White "Tregubov Pavel V. (RUS)"]
[Black "Belyakov Bogdan (RUS)"]
[Result "1/2-1/2"]
[LiveChessVersion "1.4.8"]
[BlackElo "2482"]
[WhiteElo "2553"]

1. d4 {[%clk 0:15:18]} Nf6 {[%clk 0:15:19]} 2. c4 {[%clk 0:15:27]} g6
{[%clk 0:15:28]} 3. g3 {[%clk 0:15:36]} Bg7 {[%clk 0:15:37]} 4. Bg2
{[%clk 0:15:45]} O-O {[%clk 0:15:44]} 5. Nc3 {[%clk 0:15:54]} d6 {[%clk 0:15:53]}
6. Nf3 {[%clk 0:16:02]} Nc6 {[%clk 0:16:02]} 7. O-O {[%clk 0:16:07]} a6
{[%clk 0:16:10]} 8. h3 {[%clk 0:16:09]} Bd7 {[%clk 0:16:18]} 9. e4
{[%clk 0:16:15]} e5 {[%clk 0:16:21]} 10. dxe5 {[%clk 0:16:14]} Nxe5
{[%clk 0:16:23]} 11. Nxe5 {[%clk 0:16:17]} dxe5 {[%clk 0:16:31]} 12. Be3
{[%clk 0:16:14]} Be6 {[%clk 0:15:57]} 13. Qe2 {[%clk 0:15:31]} Qc8
{[%clk 0:14:52]} 14. Kh2 {[%clk 0:15:35]} Rd8 {[%clk 0:14:47]} 15. Nd5
{[%clk 0:15:38]} Nxd5 {[%clk 0:13:27]} 16. cxd5 {[%clk 0:15:37]} Bd7
{[%clk 0:13:36]} 17. Rfd1 {[%clk 0:15:10]} Bf8 {[%clk 0:12:43]} 18. Rac1
{[%clk 0:15:19]} Bd6 {[%clk 0:12:52]} 19. Bg5 {[%clk 0:14:31]} Re8
{[%clk 0:12:55]} 20. Bf6 {[%clk 0:14:33]} Qb8 {[%clk 0:12:52]} 21. Qe3
{[%clk 0:14:24]} Qa7 {[%clk 0:12:49]} 22. Qh6 {[%clk 0:13:11]} Bf8
{[%clk 0:12:57]} 23. Qd2 {[%clk 0:11:41]} Qb6 {[%clk 0:12:45]} 24. Bg5
{[%clk 0:11:42]} Rac8 {[%clk 0:12:26]} 25. Be3 {[%clk 0:11:34]} Qf6
{[%clk 0:12:33]} 26. Rc2 {[%clk 0:11:16]} b6 {[%clk 0:11:17]} 27. Rdc1
{[%clk 0:10:58]} Bd6 {[%clk 0:11:24]} 28. Bg5 {[%clk 0:09:58]} Qg7
{[%clk 0:11:33]} 29. Bh6 {[%clk 0:10:06]} Qh8 {[%clk 0:11:24]} 30. Bf1
{[%clk 0:09:06]} a5 {[%clk 0:11:22]} 31. Ba6 {[%clk 0:09:00]} Ra8
{[%clk 0:10:06]} 32. Bb7 {[%clk 0:08:56]} Rab8 {[%clk 0:10:14]} 33. Bc6
{[%clk 0:09:05]} Bxc6 {[%clk 0:09:55]} 34. Rxc6 {[%clk 0:09:13]} Qf6
{[%clk 0:10:04]} 35. Bg5 {[%clk 0:08:07]} Qf3 {[%clk 0:08:31]} 36. Re1
{[%clk 0:07:41]} Bb4 {[%clk 0:08:13]} 37. Qe2 {[%clk 0:07:50]} Qxe2
{[%clk 0:08:10]} 38. Rxe2 {[%clk 0:07:59]} Bd6 {[%clk 0:08:11]} 39. Bf6
{[%clk 0:08:08]} b5 {[%clk 0:07:50]} 40. Rec2 {[%clk 0:06:07]} Rb7
{[%clk 0:07:17]} 41. Ra6 {[%clk 0:06:04]} a4 {[%clk 0:07:20]} 42. h4
{[%clk 0:06:05]} Kf8 {[%clk 0:04:31]} 43. Kg2 {[%clk 0:06:13]} Reb8
{[%clk 0:04:35]} 44. Rcc6 {[%clk 0:06:09]} Ke8 {[%clk 0:04:36]} 45. f4
{[%clk 0:05:25]} exf4 {[%clk 0:04:28]} 46. e5 {[%clk 0:05:34]} Be7
{[%clk 0:04:06]} 47. Bxe7 {[%clk 0:05:28]} Kxe7 {[%clk 0:03:46]} 48. gxf4
{[%clk 0:05:36]} Kd7 {[%clk 0:03:40]} 49. Kf3 {[%clk 0:05:33]} h6
{[%clk 0:01:20]} 50. Ke4 {[%clk 0:05:29]} Rg8 {[%clk 0:01:28]} 51. Rf6
{[%clk 0:04:01]} Ke7 {[%clk 0:01:31]} 52. Rac6 {[%clk 0:04:03]} Rd8
{[%clk 0:01:07]} 53. Rxc7+ {[%clk 0:02:07]} Rxc7 {[%clk 0:00:52]} 54. d6+
{[%clk 0:02:15]} Ke8 {[%clk 0:00:54]} 55. dxc7 {[%clk 0:02:24]} Rc8
{[%clk 0:01:03]} 56. Rc6 {[%clk 0:02:32]} Kd7 {[%clk 0:01:12]} 57. Kd5
{[%clk 0:02:41]} b4 {[%clk 0:00:51]} 58. Rf6 {[%clk 0:02:24]} Kxc7
{[%clk 0:00:54]} 59. Rc6+ {[%clk 0:02:07]} Kd7 {[%clk 0:01:03]} 60. Rxc8
{[%clk 0:02:16]} Kxc8 {[%clk 0:01:12]} 61. Kc4 {[%clk 0:02:26]} Kd7
{[%clk 0:01:13]} 62. Kxb4 {[%clk 0:02:34]} Ke6 {[%clk 0:01:22]} 63. Kxa4
{[%clk 0:02:09]} Kf5 {[%clk 0:01:31]} 64. b4 {[%clk 0:02:18]} Kxf4
{[%clk 0:01:40]} 65. b5 {[%clk 0:02:28]} Kxe5 {[%clk 0:01:49]} 66. Ka5
{[%clk 0:02:37]} 1/2-1/2

[Event "Rapid 2018"]
[Site "Saint-Petersburg"]
[Date "2018.12.28"]
[Round "14"]
[Board "71"]
[White "Teterev Vitaly (BLR)"]
[Black "Gabrielian Artur (RUS)"]
[Result "1-0"]
[LiveChessVersion "1.4.8"]
[BlackElo "2546"]
[WhiteElo "2472"]

1. Nf3 {[%clk 0:15:17]} c5 {[%clk 0:15:19]} 2. e4 {[%clk 0:15:23]} d6
{[%clk 0:15:27]} 3. Bc4 {[%clk 0:15:32]} Nc6 {[%clk 0:15:29]} 4. O-O
{[%clk 0:15:34]} Nf6 {[%clk 0:15:35]} 5. Qe2 {[%clk 0:15:24]} Bg4
{[%clk 0:14:12]} 6. c3 {[%clk 0:15:00]} e6 {[%clk 0:14:20]} 7. h3
{[%clk 0:14:45]} Bxf3 {[%clk 0:14:26]} 8. Qxf3 {[%clk 0:14:54]} Be7
{[%clk 0:14:34]} 9. Bb3 {[%clk 0:14:51]} O-O {[%clk 0:14:36]} 10. d3
{[%clk 0:15:00]} b5 {[%clk 0:14:19]} 11. Be3 {[%clk 0:14:42]} a5 {[%clk 0:13:00]}
12. a4 {[%clk 0:14:44]} c4 {[%clk 0:11:12]} 13. dxc4 {[%clk 0:13:58]} bxc4
{[%clk 0:11:19]} 14. Bxc4 {[%clk 0:13:23]} Ne5 {[%clk 0:11:28]} 15. Qe2
{[%clk 0:13:30]} Nxe4 {[%clk 0:11:34]} 16. Bb5 {[%clk 0:13:35]} d5
{[%clk 0:11:27]} 17. Bd4 {[%clk 0:12:59]} Ng6 {[%clk 0:11:27]} 18. Nd2
{[%clk 0:12:00]} Nf4 {[%clk 0:09:46]} 19. Qe3 {[%clk 0:11:22]} Nxd2
{[%clk 0:09:19]} 20. Qxd2 {[%clk 0:11:31]} Bd6 {[%clk 0:09:27]} 21. Be3
{[%clk 0:10:55]} Ng6 {[%clk 0:08:54]} 22. b4 {[%clk 0:10:17]} Qc7
{[%clk 0:06:25]} 23. bxa5 {[%clk 0:09:40]} Qxa5 {[%clk 0:06:27]} 24. Rfc1
{[%clk 0:07:22]} Rfd8 {[%clk 0:04:55]} 25. f4 {[%clk 0:05:37]} Bc7
{[%clk 0:04:08]} 26. Qf2 {[%clk 0:05:24]} Rab8 {[%clk 0:04:01]} 27. f5
{[%clk 0:05:05]} exf5 {[%clk 0:03:36]} 28. Qxf5 {[%clk 0:05:08]} Bb6
{[%clk 0:03:40]} 29. Bxb6 {[%clk 0:04:28]} Rxb6 {[%clk 0:03:36]} 30. c4
{[%clk 0:04:00]} Rf6 {[%clk 0:03:28]} 31. Qc2 {[%clk 0:02:33]} dxc4
{[%clk 0:03:24]} 32. Qxc4 {[%clk 0:02:28]} Qb6+ {[%clk 0:02:57]} 33. Kh1
{[%clk 0:02:23]} Rf4 {[%clk 0:02:23]} 34. Qc6 {[%clk 0:02:16]} Qf2
{[%clk 0:02:07]} 35. a5 {[%clk 0:01:57]} Rf6 {[%clk 0:01:38]} 36. Qb7
{[%clk 0:01:40]} h5 {[%clk 0:00:46]} 37. a6 {[%clk 0:01:05]} Rb6 {[%clk 0:00:55]}
38. Qc7 {[%clk 0:00:52]} Ra8 {[%clk 0:00:23]} 39. Rf1 {[%clk 0:00:43]} Qd4
{[%clk 0:00:15]} 40. Rad1 {[%clk 0:00:35]} 1-0

[Event "Rapid 2018"]
[Site "Saint-Petersburg"]
[Date "2018.12.28"]
[Round "14"]
[Board "72"]
[White "Kabanov Nikolai (RUS)"]
[Black "Rechlis Gad (ISR)"]
[Result "1-0"]
[LiveChessVersion "1.4.8"]
[BlackElo "2543"]
[WhiteElo "2403"]

1. e4 {[%clk 0:15:17]} c5 {[%clk 0:14:58]} 2. Nf3 {[%clk 0:15:24]} d6
{[%clk 0:15:07]} 3. Bb5+ {[%clk 0:15:32]} Bd7 {[%clk 0:15:11]} 4. c4
{[%clk 0:15:38]} Nc6 {[%clk 0:14:13]} 5. Nc3 {[%clk 0:15:33]} Nf6
{[%clk 0:12:39]} 6. d4 {[%clk 0:15:21]} cxd4 {[%clk 0:12:47]} 7. Nxd4
{[%clk 0:15:30]} g6 {[%clk 0:12:27]} 8. f3 {[%clk 0:15:06]} Nxd4 {[%clk 0:11:53]}
9. Qxd4 Bg7 10. Bg5 {[%clk 0:14:44]} O-O {[%clk 0:12:06]} 11. Qd2
{[%clk 0:14:39]} Rc8 {[%clk 0:12:10]} 12. Rc1 {[%clk 0:14:16]} Be6
{[%clk 0:07:58]} 13. b3 {[%clk 0:14:22]} a6 {[%clk 0:08:05]} 14. Ba4
{[%clk 0:14:31]} Rb8 {[%clk 0:06:25]} 15. O-O {[%clk 0:13:58]} Qa5
{[%clk 0:06:03]} 16. a3 {[%clk 0:09:33]} Rfc8 {[%clk 0:03:41]} 17. b4
{[%clk 0:08:57]} Qd8 {[%clk 0:03:15]} 18. Nd5 {[%clk 0:09:00]} Bxd5
{[%clk 0:03:06]} 19. exd5 {[%clk 0:08:23]} b5 {[%clk 0:03:03]} 20. Bb3
{[%clk 0:08:18]} Nd7 {[%clk 0:02:42]} 21. Rfe1 {[%clk 0:07:16]} bxc4
{[%clk 0:02:30]} 22. Bxc4 {[%clk 0:05:36]} a5 {[%clk 0:02:37]} 23. b5
{[%clk 0:03:39]} Bf6 {[%clk 0:02:10]} 24. Be3 {[%clk 0:03:30]} h5
{[%clk 0:02:04]} 25. Bf1 {[%clk 0:03:24]} Nc5 {[%clk 0:02:09]} 26. Qf2
{[%clk 0:03:00]} Qd7 {[%clk 0:01:38]} 27. Kh1 {[%clk 0:02:47]} Qf5
{[%clk 0:01:26]} 28. Red1 {[%clk 0:02:33]} Na4 {[%clk 0:01:24]} 29. Rc6
{[%clk 0:01:49]} Nc3 {[%clk 0:01:31]} 30. Rc1 {[%clk 0:01:39]} Nxd5
{[%clk 0:01:34]} 31. Ba7 {[%clk 0:00:33]} Rxc6 {[%clk 0:01:34]} 32. bxc6
{[%clk 0:00:40]} Ra8 {[%clk 0:00:50]} 33. c7 {[%clk 0:00:30]} Rc8 34. Bb8
{[%clk 0:00:38]} Qf4 {[%clk 0:00:47]} 35. Qe1 {[%clk 0:00:29]} Be5
{[%clk 0:00:41]} 36. g3 {[%clk 0:00:38]} Qxf3+ {[%clk 0:00:49]} 37. Bg2
{[%clk 0:00:48]} Qb3 {[%clk 0:00:58]} 38. Qe4 {[%clk 0:00:25]} Nxc7
{[%clk 0:00:57]} 39. Rb1 {[%clk 0:00:19]} Qa2 {[%clk 0:01:01]} 40. Qb7
{[%clk 0:00:25]} Ne8 {[%clk 0:00:54]} 41. Bd5 {[%clk 0:00:28]} Qc2
{[%clk 0:00:51]} 42. Rf1 {[%clk 0:00:37]} Nf6 {[%clk 0:00:56]} 43. Bb3
{[%clk 0:00:43]} Qd3 {[%clk 0:01:00]} 44. Qxc8+ {[%clk 0:00:51]} Kg7
{[%clk 0:01:09]} 45. Qc4 {[%clk 0:00:59]} Qe3 {[%clk 0:01:06]} 46. Qxf7+
{[%clk 0:00:57]} Kh6 {[%clk 0:01:15]} 47. Qc4 {[%clk 0:00:41]} Ne4
{[%clk 0:00:49]} 48. Ba7 {[%clk 0:00:35]} Nxg3+ {[%clk 0:00:41]} 49. hxg3
{[%clk 0:00:36]} Qxg3 {[%clk 0:00:46]} 50. Qc1+ {[%clk 0:00:29]} g5
{[%clk 0:00:48]} 51. Qc2 {[%clk 0:00:20]} Qh3+ {[%clk 0:00:52]} 52. Kg1
{[%clk 0:00:29]} Qg3+ {[%clk 0:01:01]} 53. Qg2 {[%clk 0:00:38]} Qxb3
{[%clk 0:01:10]} 54. Qf3 {[%clk 0:00:40]} Qe6 {[%clk 0:01:00]} 55. Be3
{[%clk 0:00:37]} Bf6 {[%clk 0:01:09]} 56. a4 {[%clk 0:00:40]} Qc4
{[%clk 0:01:11]} 57. Qf5 {[%clk 0:00:35]} Qxa4 {[%clk 0:01:10]} 58. Qe6
{[%clk 0:00:24]} Qg4+ {[%clk 0:00:56]} 59. Qxg4 {[%clk 0:00:31]} hxg4
{[%clk 0:01:06]} 60. Rf5 {[%clk 0:00:29]} a4 {[%clk 0:00:21]} 61. Ra5
{[%clk 0:00:37]} Kg6 {[%clk 0:00:27]} 62. Kg2 {[%clk 0:00:44]} Be5
{[%clk 0:00:21]} 63. Rxa4 {[%clk 0:00:49]} Kf5 {[%clk 0:00:30]} 64. Ra7
{[%clk 0:00:54]} e6 {[%clk 0:00:31]} 65. Rf7+ {[%clk 0:00:58]} Bf6
{[%clk 0:00:36]} 66. Bd4 {[%clk 0:01:00]} e5 {[%clk 0:00:45]} 67. Bb6
{[%clk 0:01:01]} Ke6 {[%clk 0:00:50]} 68. Rf8 {[%clk 0:01:05]} Be7
{[%clk 0:00:51]} 69. Re8 {[%clk 0:01:13]} Kf7 {[%clk 0:00:58]} 70. Ra8
{[%clk 0:01:20]} Ke6 {[%clk 0:00:52]} 71. Bd8 {[%clk 0:01:29]} Bxd8
{[%clk 0:00:43]} 72. Rxd8 {[%clk 0:01:37]} e4 {[%clk 0:00:45]} 73. Kg3
{[%clk 0:01:27]} Ke5 {[%clk 0:00:32]} 74. Kxg4 {[%clk 0:01:29]} d5
{[%clk 0:00:25]} 75. Kxg5 {[%clk 0:01:21]} Kd4 {[%clk 0:00:18]} 76. Kf4
{[%clk 0:01:27]} 1-0